The Show - Niall Horan (Tracklist) - Statistics

General Stats
  • This quiz has been taken 96 times
  • The average score is 9 of 10
Answer Stats
No. Title % Correct
1. Heaven
99%
5. The Show
97%
3. Meltdown
96%
6. You Could Start A Cult
91%
10. Must Be Love
90%
9. Science
90%
2. If You Leave Me
84%
4. Never Grow Up
83%
8. On a Night Like Tonight
80%
7. Save My Life
76%
No matching quizzes found
Score Distribution
Percent of People with Each Score
Percentile by Number Answered
Your Score History
You have not taken this quiz